[Event "32.Schlosspark-Open"]
[Site "Wiesbaden-Biebrich"]
[Date "2023.08.27"]
[Round "6.1"]
[White "Minor, Samuel"]
[Black "Smith, Bryan"]
[Result "1-0"]
[WhiteElo "2185"]
[BlackElo "2378"]
[PlyCount "85"]
[EventDate "2023.??.??"]
[WhiteTeam "Wiesbadener SV 1885"]
[BlackTeam "Philadelphia,PA"]

1. e4 c5 2. Nf3 d6 3. d4 cxd4 4. Nxd4 Nf6 5. Nc3 Nc6 6. Bg5 e6 7. Qd2 a6 8. f3 Be7 9. h4 Nxd4 10. Qxd4 b5 11. O-O-O Bb7 12. Qd2 O-O 13. Bd3 Rc8 14. Ne2 Nd7 15. Nf4 Nc5 16. Bxe7 Qxe7 17. g4 Rfd8 18. Qe3 d5 19. exd5 Qc7 20. Rh2 Bxd5 21. Nxd5 Rxd5 22. Rg2 Qd8 23. Rgd2 Qxh4 24. Be2 Rxd2 25. Rxd2 h6 26. a3 Qf6 27. Kb1 g5 28. c4 bxc4 29. Bxc4 a5 30. Ka2 Rc7 31. Bb5 e5 32. Rd5 Ne6 33. Rxe5 Rc2 34. Ba4 Rg2 35. Bb3 Nf4 36. Qc3 Kh7 37. Bc2+ Kg7 38. Rc5 Ne6 39. Qxf6+ Kxf6 40. Rf5+ Ke7 41. Be4 Rf2 42. Rxa5 Nd4 43. Rd5 1-0

[Event "32.Schlosspark-Open"]
[Site "Wiesbaden-Biebrich"]
[Date "2023.08.27"]
[Round "6.2"]
[White "Töpfer, Albrecht"]
[Black "Euler, Gerd"]
[Result "0-1"]
[WhiteElo "2065"]
[BlackElo "2243"]
[PlyCount "56"]
[EventDate "2023.??.??"]
[WhiteTeam "SC Fulda"]
[BlackTeam "SSG Hungen-Lich"]

1. d4 Nf6 2. Bf4 g6 3. Nf3 Bg7 4. c3 d6 5. Nbd2 Nh5 6. Bg5 h6 7. Bh4 g5 8. Bg3 c5 9. dxc5 Nxg3 10. hxg3 dxc5 11. e4 Qc7 12. Qc2 Be6 13. Bc4 Bd7 14. a4 Nc6 15. Nb3 g4 16. Nfd2 Ne5 17. a5 h5 18. Qd1 O-O-O 19. Qe2 Kb8 20. Bb5 Be6 21. Bc4 Bh6 22. Bxe6 fxe6 23. Kd1 Bxd2 24. Nxd2 Qc6 25. Kc2 c4 26. f4 Nd3 27. Rhd1 Qb5 28. Nxc4 Nxb2 0-1

[Event "32.Schlosspark-Open"]
[Site "Wiesbaden-Biebrich"]
[Date "2023.08.27"]
[Round "6.3"]
[White "Lammers, Markus"]
[Black "Bakiev, Diyor"]
[Result "1-0"]
[WhiteElo "2340"]
[BlackElo "2182"]
[PlyCount "69"]
[EventDate "2023.??.??"]
[WhiteTeam "HSK Lister Turm"]
[BlackTeam "Wiesbadener SV 1885"]

1. Nf3 Nf6 2. d4 e6 3. e3 b6 4. Bd3 Bb7 5. O-O d5 6. c4 Be7 7. b3 O-O 8. Bb2 Nbd7 9. Qe2 dxc4 10. Bxc4 c5 11. Rd1 Rc8 12. Nc3 Qc7 13. Rac1 Qb8 14. d5 exd5 15. Nxd5 Nxd5 16. Bxd5 Bf6 17. e4 Bxb2 18. Qxb2 Bxd5 19. Rxd5 Nf6 20. Rg5 h6 21. Rg3 Qf4 22. h3 g6 23. e5 Nh5 24. Rg4 Qf5 25. Re1 Ng7 26. Qc1 h5 27. Rf4 Qd7 28. Rf6 Rc6 29. Qf4 Re8 30. Rxc6 Qxc6 31. Ng5 Qc7 32. Ne4 Re6 33. Nf6+ Kf8 34. Qh6 Rxe5 35. Rxe5 1-0

[Event "32.Schlosspark-Open"]
[Site "Wiesbaden-Biebrich"]
[Date "2023.08.27"]
[Round "6.4"]
[White "Henrich, Thomas"]
[Black "Stork, Oliver"]
[Result "0-1"]
[WhiteElo "2147"]
[BlackElo "2327"]
[PlyCount "84"]
[EventDate "2023.??.??"]
[WhiteTeam "SK Marburg 1931/72"]
[BlackTeam "Klub Kölner SF e. V."]

1. e4 c5 2. Nc3 Nc6 3. Bb5 Nd4 4. Nf3 e6 5. O-O a6 6. Bd3 b5 7. Nxd4 cxd4 8. Ne2 Qb6 9. c3 dxc3 10. bxc3 Bb7 11. Bc2 Nf6 12. e5 Nd5 13. d4 Rc8 14. Bb2 d6 15. f4 Ne3 16. Qd3 Nxg2 17. Rf2 Nh4 18. Qh3 Be7 19. Raf1 g6 20. Ng3 Nf5 21. Ne4 O-O 22. Ba3 Bxe4 23. Bxe4 Rfe8 24. Bxf5 exf5 25. Rg2 dxe5 26. Bxe7 Rxe7 27. fxe5 Rxe5 28. Kh1 Re7 29. Rg3 Re2 30. Qxf5 Qb7+ 31. Qf3 Qxf3+ 32. Rgxf3 Rc7 33. a4 bxa4 34. Ra1 Rc4 35. Rd3 Rc2 36. d5 R4xc3 37. Rxc3 Rxc3 38. Rxa4 Rd3 39. Rxa6 Rxd5 40. Kg2 Rd3 41. Rb6 Kg7 42. Ra6 g5 0-1

[Event "32.Schlosspark-Open"]
[Site "Wiesbaden-Biebrich"]
[Date "2023.08.27"]
[Round "6.5"]
[White "Nagel, Bernhard"]
[Black "Dolzhykova, Kateryna"]
[Result "1/2-1/2"]
[WhiteElo "2146"]
[BlackElo "2307"]
[PlyCount "87"]
[EventDate "2023.??.??"]
[WhiteTeam "Kölner SK Dr. Lasker 186"]
[BlackTeam "SV Oberursel"]

1. c4 b6 2. d4 Bb7 3. Nc3 e6 4. a3 f5 5. Nf3 Nf6 6. Bg5 h6 7. Bxf6 Qxf6 8. Qd3 g5 9. e4 fxe4 10. Nxe4 Qf5 11. Ng3 Qxd3 12. Bxd3 Bg7 13. Bg6+ Ke7 14. Be4 Bxe4 15. Nxe4 Nc6 16. O-O-O Rhf8 17. b4 d5 18. cxd5 exd5 19. Nc3 Kd6 20. Rhe1 Rae8 21. Rxe8 Rxe8 22. h3 a5 23. b5 Nd8 24. Kd2 Ne6 25. Ne2 Rf8 26. Ke3 h5 27. g4 h4 28. Rc1 c5 29. bxc6 b5 30. c7 Nxc7 31. Nxg5 Bh6 32. f4 Re8+ 33. Kd3 Bxg5 34. fxg5 Ne6 35. g6 Rg8 36. Rf1 Rxg6 37. Rf5 b4 38. axb4 axb4 39. Kc2 Rg8 40. Kb3 Re8 41. Rf6 Ke7 42. Rf5 Kd6 43. Rf6 Ke7 44. Rf5 1/2-1/2

[Event "32.Schlosspark-Open"]
[Site "Wiesbaden-Biebrich"]
[Date "2023.08.27"]
[Round "6.6"]
[White "Neukirchner, Pascal"]
[Black "Siegert, Gregor"]
[Result "0-1"]
[WhiteElo "2279"]
[BlackElo "1973"]
[PlyCount "74"]
[EventDate "2023.??.??"]
[WhiteTeam "SK Gründau"]
[BlackTeam "Schachforum Darmstadt 1994"]

1. Nf3 d5 2. g3 Nf6 3. Bg2 e6 4. O-O a6 5. d3 Be7 6. Nbd2 b5 7. e4 dxe4 8. dxe4 Bb7 9. e5 Nfd7 10. Qe2 Nc5 11. Rd1 Nbd7 12. b3 O-O 13. a4 b4 14. a5 Qc8 15. h4 Rd8 16. Nc4 Ne4 17. Ng5 Nc3 18. Qh5 Bxg5 19. Bxg5 Bxg2 20. Kxg2 Nxd1 21. Rxd1 Re8 22. Rd4 Qb7+ 23. f3 Qb5 24. Bh6 gxh6 25. Rg4+ Kh8 26. Qxf7 Rg8 27. Qxe6 Rxg4 28. Qxg4 Qd5 29. e6 Nf6 30. Qf4 Qxe6 31. g4 Re8 32. Qd4 Kg8 33. g5 hxg5 34. hxg5 Nd5 35. Kg3 Ne3 36. Nxe3 Qxe3 37. Qc4+ Qe6 0-1

[Event "32.Schlosspark-Open"]
[Site "Wiesbaden-Biebrich"]
[Date "2023.08.27"]
[Round "6.7"]
[White "Baranyai-Molnar, Adam-Kristof"]
[Black "Weber, Samuel"]
[Result "0-1"]
[WhiteElo "1876"]
[BlackElo "2276"]
[PlyCount "72"]
[EventDate "2023.??.??"]
[WhiteTeam "SF Neuberg"]
[BlackTeam "SV Oberursel"]

1. e4 c5 2. Nf3 Nc6 3. d4 cxd4 4. Nxd4 Nf6 5. Nc3 h5 6. Nxc6 bxc6 7. e5 Ng4 8. Qe2 Qa5 9. f4 d6 10. exd6 Rh6 11. dxe7 Re6 12. exf8=Q+ Kxf8 13. h3 Rxe2+ 14. Bxe2 Nf6 15. Bd2 Qb6 16. O-O-O Be6 17. g4 Rb8 18. b3 a5 19. f5 Bd5 20. Rhe1 Qd4 21. Nb1 a4 22. c4 axb3 23. axb3 Kg8 24. Bc3 Qe3+ 25. Kb2 Qb6 26. b4 Ne4 27. b5 Qf2 28. cxd5 Rxb5+ 29. Kc2 cxd5 30. Bd4 Qh2 31. Nc3 Nxc3 32. Bxc3 Rc5 33. Kb3 Qg3 34. Bd3 Rc8 35. f6 Qc7 36. Bb4 Rb8 0-1

[Event "32.Schlosspark-Open"]
[Site "Wiesbaden-Biebrich"]
[Date "2023.08.27"]
[Round "6.9"]
[White "Boidman, Yuri"]
[Black "Eull, Emil"]
[Result "1/2-1/2"]
[WhiteElo "2288"]
[BlackElo "2032"]
[PlyCount "128"]
[EventDate "2023.??.??"]
[WhiteTeam "SC Heimbach-Weis/Neuwied e.V."]
[BlackTeam "SF Neuberg"]

1. e4 c6 2. c4 d5 3. exd5 cxd5 4. cxd5 Nf6 5. Qa4+ Nbd7 6. Nc3 g6 7. Nf3 Bg7 8. Bc4 a6 9. d3 O-O 10. Qa3 b6 11. O-O Bb7 12. Re1 Re8 13. Be3 Rc8 14. Qb3 b5 15. a4 bxc4 16. Qxb7 Qa5 17. dxc4 Rxc4 18. Nd4 Rb4 19. Nc6 Rxb7 20. Nxa5 Rxb2 21. Nc6 Ng4 22. Bd4 Bxd4 23. Nxd4 Nxf2 24. Rab1 Rxb1 25. Rxb1 Nd3 26. Rb7 N3c5 27. Ra7 Rb8 28. a5 Kg7 29. Nc6 Rb7 30. Ra8 Rb3 31. Ne2 Kf6 32. h3 g5 33. Rh8 Rd3 34. Ned4 Nb3 35. Nxb3 Rxb3 36. Ra8 Nc5 37. Ra7 Rb7 38. Ra8 h5 39. Rc8 Ne4 40. g4 h4 41. Ra8 Nc5 42. Rc8 Nd3 43. Ra8 Nb4 44. Nxb4 Rxb4 45. Rxa6+ Ke5 46. Ra7 e6 47. Rxf7 Kxd5 48. a6 Ra4 49. a7 Ke4 50. Kf2 Ra2+ 51. Kf1 e5 52. Rf5 Rxa7 53. Rxg5 Ra3 54. Kg2 Ra2+ 55. Kg1 Kf4 56. Rf5+ Ke4 57. Rf2 Ra1+ 58. Kg2 Ra3 59. Re2+ Kf4 60. Rf2+ Ke4 61. Kh2 Rb3 62. Kg2 Ra3 63. Re2+ Kf4 64. Rf2+ Ke4 1/2-1/2

[Event "32.Schlosspark-Open"]
[Site "Wiesbaden-Biebrich"]
[Date "2023.08.27"]
[Round "6.10"]
[White "Simon, Eric"]
[Black "Lesny, Florian"]
[Result "0-1"]
[WhiteElo "2029"]
[BlackElo "2232"]
[PlyCount "150"]
[EventDate "2023.??.??"]
[WhiteTeam "SF Eltville"]
[BlackTeam "SK Bad Homburg 1927"]

1. e4 c5 2. Nc3 d6 3. g3 Nc6 4. Bg2 g6 5. d3 Bg7 6. Nh3 Rb8 7. O-O Nf6 8. f4 Bg4 9. Qd2 Qc8 10. Nf2 Bd7 11. h3 h5 12. Re1 e5 13. Nb5 Bf8 14. Qd1 a6 15. Nc3 Bg7 16. Nd5 b5 17. Nxf6+ Bxf6 18. Rf1 h4 19. g4 exf4 20. Bxf4 Be5 21. Bxe5 dxe5 22. Qf3 Qd8 23. Nd1 O-O 24. Ne3 Nd4 25. Qf2 Qg5 26. Nd5 Kg7 27. Rad1 Ne6 28. Kh2 Rbc8 29. Nc3 Qf4+ 30. Kh1 Qxf2 31. Rxf2 Bc6 32. Ne2 Rcd8 33. Ng1 f6 34. Rfd2 Rd6 35. Nf3 g5 36. Kg1 Rfd8 37. Kf2 Kf7 38. Bf1 Ke7 39. Ke3 a5 40. a3 Ra8 41. Ra1 Rd7 42. c3 b4 43. axb4 axb4 44. Rxa8 Bxa8 45. d4 bxc3 46. bxc3 cxd4+ 47. cxd4 exd4+ 48. Nxd4 Nxd4 49. Rxd4 Ra7 50. Be2 Bc6 51. Rd1 Ra2 52. Rd4 Rb2 53. Bf1 Rb1 54. Kf2 Ke6 55. Bd3 Rb2+ 56. Kf3 Rb3 57. Rd8 Bd7 58. Ke2 Rb2+ 59. Kf3 Ke7 60. Ra8 Rb3 61. Ke2 Kd6 62. Ra5 Rc3 63. Rd5+ Ke7 64. Ra5 Rc1 65. Kf3 Bc6 66. Ra6 Rc3 67. Ke2 Rxd3 68. Rxc6 Rxh3 69. e5 Rg3 70. exf6+ Kf7 71. Rc4 Ra3 72. Kf2 Kxf6 73. Re4 Ra1 74. Kg2 Rd1 75. Kh3 Rf1 $138 0-1

[Event "32.Schlosspark-Open"]
[Site "Wiesbaden-Biebrich"]
[Date "2023.08.27"]
[Round "6.11"]
[White "Kersten, Uwe"]
[Black "Li, Maxim"]
[Result "1-0"]
[WhiteElo "2235"]
[BlackElo "2030"]
[PlyCount "57"]
[EventDate "2023.??.??"]
[WhiteTeam "Sfr. Bad Emstal/Wolfhagen"]
[BlackTeam "Wiesbadener SV 1885"]

1. d4 e6 2. Nf3 d5 3. Bf4 Bd6 4. e3 Nf6 5. Nbd2 O-O 6. Ne5 c5 7. c3 b6 8. h4 Ba6 9. Bxa6 Nxa6 10. h5 Nb8 11. Qf3 Ne8 12. Qh3 Bxe5 13. dxe5 Nc6 14. Nf3 d4 15. cxd4 cxd4 16. O-O dxe3 17. fxe3 Qe7 18. h6 f6 19. hxg7 Nxg7 20. exf6 Qxf6 21. Bd6 Rfc8 22. Ne5 Qg5 23. Nxc6 Rxc6 24. Qf3 Rcc8 25. Qf7+ Kh8 26. Rf3 Qh5 27. Qxh5 Nxh5 28. Be5+ Kg8 29. Rh3 1-0

[Event "32.Schlosspark-Open"]
[Site "Wiesbaden-Biebrich"]
[Date "2023.08.27"]
[Round "6.12"]
[White "Foerster-Yialamas, Lucas"]
[Black "Althoff, Guntram"]
[Result "1-0"]
[WhiteElo "2171"]
[BlackElo "2019"]
[PlyCount "67"]
[EventDate "2023.??.??"]
[WhiteTeam "Sabt Frankfurter TV 1860"]
[BlackTeam "SF Eltville"]

1. e4 d5 2. exd5 Qxd5 3. Nc3 Qa5 4. d4 c6 5. Bc4 Nf6 6. Nf3 Bf5 7. Bd2 Qb6 8. Rb1 e6 9. O-O Bd6 10. Be3 Nd5 11. Nxd5 cxd5 12. Bd3 Bg4 13. h3 Bh5 14. g4 Bg6 15. b3 Nc6 16. c4 Bxd3 17. Qxd3 Qa6 18. Bd2 O-O 19. h4 Rac8 20. Ng5 g6 21. h5 Kg7 22. Qe3 Rce8 23. Nxh7 g5 24. Nxf8 Bf4 25. Qc3 Rxf8 26. Bxf4 gxf4 27. Qd2 dxc4 28. Qxf4 f6 29. bxc4 Rf7 30. h6+ Kg6 31. Qe4+ Kxh6 32. Kg2 Kg7 33. Rh1 f5 34. Qxe6 1-0

[Event "32.Schlosspark-Open"]
[Site "Wiesbaden-Biebrich"]
[Date "2023.08.27"]
[Round "6.13"]
[White "Neurohr, Jürgen"]
[Black "Ruppert, Wolfgang"]
[Result "1-0"]
[WhiteElo "2001"]
[BlackElo "2165"]
[PlyCount "72"]
[EventDate "2023.??.??"]
[WhiteTeam "Sfr.Mainz 1928"]
[BlackTeam "SC Flörsheim 1921"]

1. d4 Nf6 2. c4 g6 3. Nc3 Bg7 4. e4 d6 5. f4 O-O 6. Nf3 c5 7. d5 e6 8. Be2 exd5 9. cxd5 Bg4 10. O-O Nbd7 11. h3 Bxf3 12. Bxf3 a6 13. a4 Rb8 14. a5 b5 15. axb6 Rxb6 16. Qc2 Ne8 17. Be3 Nc7 18. Rfd1 Re8 19. Bf2 h6 20. Kh1 Nb5 21. Nxb5 Rxb5 22. Ra2 Qf6 23. Bg3 Rxb2 24. Rxb2 Qxb2 25. Qxb2 Bxb2 26. Rb1 Bd4 27. Rb7 Nf6 28. Rb6 Nxe4 29. Bxe4 Rxe4 30. Rxa6 Re3 31. Kh2 c4 32. Rxd6 c3 33. Rc6 Rd3 34. d6 Bf6 35. Be1 g5 36. d7 c2 $138 1-0

[Event "32.Schlosspark-Open"]
[Site "Wiesbaden-Biebrich"]
[Date "2023.08.27"]
[Round "6.14"]
[White "Pfreundt, Jakob"]
[Black "Khenkin, Igor"]
[Result "1/2-1/2"]
[WhiteElo "2427"]
[BlackElo "2508"]
[PlyCount "39"]
[EventDate "2023.??.??"]
[WhiteTeam "HSK Lister Turm"]
[BlackTeam "Wiesbadener SV 1885"]

1. e4 c6 2. Nf3 d5 3. d3 Bg4 4. h3 Bxf3 5. Qxf3 e6 6. g3 Nf6 7. Bg2 Nbd7 8. Qe2 dxe4 9. dxe4 e5 10. Nd2 Bc5 11. O-O O-O 12. a4 a5 13. Rd1 Qc7 14. h4 Rfd8 15. Nb3 Bb6 16. Bh3 Nc5 17. Rxd8+ Rxd8 18. Nxc5 Bxc5 19. Bg5 Rd6 20. c3 1/2-1/2

[Event "32.Schlosspark-Open"]
[Site "Wiesbaden-Biebrich"]
[Date "2023.08.27"]
[Round "6.15"]
[White "Perske, Paul"]
[Black "Burkart, Lloyd Shang"]
[Result "1/2-1/2"]
[WhiteElo "2085"]
[BlackElo "1891"]
[PlyCount "34"]
[EventDate "2023.??.??"]
[WhiteTeam "Sfr.Heidesheim"]
[BlackTeam "SV 1920 Hofheim"]

1. e4 c5 2. Nf3 d6 3. d4 cxd4 4. Nxd4 Nf6 5. Nc3 a6 6. Be2 e6 7. O-O Be7 8. f4 O-O 9. Kh1 e5 10. fxe5 dxe5 11. Nf5 Bxf5 12. exf5 Nc6 13. Be3 Qc7 14. Bf3 Rfd8 15. Qe2 Nd4 16. Bxd4 exd4 17. Ne4 Nd5 1/2-1/2

[Event "32.Schlosspark-Open"]
[Site "Wiesbaden-Biebrich"]
[Date "2023.08.27"]
[Round "6.16"]
[White "Grzeca, Pascal"]
[Black "Fleckenstein, Lukas"]
[Result "1/2-1/2"]
[WhiteElo "2075"]
[BlackElo "1864"]
[PlyCount "71"]
[EventDate "2023.??.??"]
[WhiteTeam "SV 1921 Springer Siershahn e.V."]
[BlackTeam "SK Niederbrechen 1948"]

1. d4 d5 2. Nf3 Nf6 3. g3 c6 4. Bg2 Bf5 5. c4 e6 6. Nc3 Be7 7. Qb3 Qb6 8. c5 Qxb3 9. axb3 Ne4 10. Bf4 Nd7 11. h4 O-O 12. b4 Nxc3 13. bxc3 Rfe8 14. O-O Bf6 15. Bd6 e5 16. e3 exd4 17. cxd4 Be7 18. Bxe7 Rxe7 19. Rfc1 a6 20. Nd2 Nf6 21. Ra3 Rae8 22. Re1 Ng4 23. Bf3 Nf6 24. Bd1 Ne4 25. Nxe4 Bxe4 26. f3 Bg6 27. Kf2 h5 28. Rg1 Re6 29. Be2 Kf8 30. Bf1 Bf5 31. Bg2 R8e7 32. Re1 Ke8 33. Bf1 Kd8 34. Bd3 Bxd3 35. Rxd3 f5 36. Rd2 1/2-1/2

[Event "32.Schlosspark-Open"]
[Site "Wiesbaden-Biebrich"]
[Date "2023.08.27"]
[Round "6.17"]
[White "Tremöhlen, Thomas"]
[Black "Barbanera, Fabrizio"]
[Result "1/2-1/2"]
[WhiteElo "1953"]
[BlackElo "2101"]
[PlyCount "43"]
[EventDate "2023.??.??"]
[WhiteTeam "Sportgemeinschaft Kaarst 1912/35"]
[BlackTeam "SC Neumühl"]

1. Nf3 Nf6 2. b3 g6 3. Bb2 Bg7 4. e3 O-O 5. d4 d6 6. Bd3 c5 7. Nbd2 Nc6 8. a3 Qc7 9. h3 e5 10. dxe5 dxe5 11. Ne4 Rd8 12. Qe2 b6 13. Nxf6+ Bxf6 14. O-O Bb7 15. Be4 Bg7 16. Rad1 Qe7 17. Rxd8+ Rxd8 18. Rd1 Rd6 19. Rxd6 Qxd6 20. Qd2 Qxd2 21. Nxd2 Bf6 22. Nc4 1/2-1/2

[Event "32.Schlosspark-Open"]
[Site "Wiesbaden-Biebrich"]
[Date "2023.08.27"]
[Round "6.18"]
[White "Stork, Christopher"]
[Black "Schmitt, Carsten"]
[Result "1-0"]
[WhiteElo "2065"]
[BlackElo "1874"]
[PlyCount "41"]
[EventDate "2023.??.??"]
[WhiteTeam "SV Oberursel"]
[BlackTeam "SV Bergwinkel"]

1. d4 e6 2. c4 Nf6 3. Nf3 Bb4+ 4. Nbd2 O-O 5. a3 Be7 6. e4 d5 7. e5 Nfd7 8. Bd3 c5 9. h4 g6 10. O-O Bxh4 11. Nxh4 Qxh4 12. Nf3 Qe7 13. Bg5 f6 14. exf6 Nxf6 15. cxd5 exd5 16. Re1 Qd6 17. dxc5 Qxc5 18. Bxf6 Rxf6 19. Re8+ Rf8 20. Rc1 Qxc1 21. Rxf8+ 1-0

[Event "32.Schlosspark-Open"]
[Site "Wiesbaden-Biebrich"]
[Date "2023.08.27"]
[Round "6.19"]
[White "Ensslinger, Colin"]
[Black "Müller, Riyanna"]
[Result "1-0"]
[WhiteElo "2043"]
[BlackElo "1760"]
[PlyCount "71"]
[EventDate "2023.??.??"]
[WhiteTeam "SF Schwaigern"]
[BlackTeam "SC Landskrone"]

1. e4 d5 2. exd5 Qxd5 3. Nc3 Qd6 4. d4 Nf6 5. Nf3 a6 6. g3 Bg4 7. Be2 e6 8. O-O Be7 9. Bf4 Qd8 10. Ne5 Bxe2 11. Nxe2 Nbd7 12. Qd3 O-O 13. Rfd1 c6 14. c3 Nd5 15. a3 Nxf4 16. Nxf4 Qc7 17. Nxd7 Qxd7 18. Qe4 Rfd8 19. Kg2 Bd6 20. Nd3 h6 21. f4 Rac8 22. b4 a5 23. Rdb1 b5 24. Re1 Ra8 25. Kf3 Ra7 26. a4 bxa4 27. Rxa4 axb4 28. Rxa7 Qxa7 29. cxb4 Be7 30. Ne5 Rxd4 31. Qxc6 Bxb4 32. Qc8+ Bf8 33. Rb1 Qa3+ 34. Kg4 Rb4 35. Rd1 f5+ 36. Kh3 1-0

[Event "32.Schlosspark-Open"]
[Site "Wiesbaden-Biebrich"]
[Date "2023.08.27"]
[Round "6.20"]
[White "Gutman, Lev"]
[Black "Giese, Tilman"]
[Result "1-0"]
[WhiteElo "2325"]
[BlackElo "1977"]
[PlyCount "75"]
[EventDate "2023.??.??"]
[WhiteTeam "SV Lingen"]
[BlackTeam "SC Turm Illingen"]

1. Nf3 Nf6 2. g3 g6 3. Bg2 Bg7 4. O-O O-O 5. d4 d5 6. c4 c6 7. Qb3 Nbd7 8. Nc3 dxc4 9. Qxc4 Nb6 10. Qd3 Be6 11. Rd1 Bc4 12. Qc2 Qc7 13. e4 Rad8 14. h3 Nbd7 15. b3 Ba6 16. Bg5 Rfe8 17. Nd5 Nxd5 18. exd5 Rc8 19. dxc6 Qxc6 20. Qd2 Qc3 21. Qf4 e5 22. Qh4 exd4 23. Rac1 Qb2 24. Rxc8 Rxc8 25. Qg4 f5 26. Qf4 Be2 27. Rd2 Qb1+ 28. Kh2 Bxf3 29. Qxf3 Nc5 30. Qd5+ Kh8 31. Rxd4 Ne4 32. Qxb7 Rf8 33. Be3 Qxa2 34. Ra4 Qb2 35. Rxa7 h6 36. Bxh6 Rg8 37. Bxg7+ Rxg7 38. Qxg7+ 1-0

[Event "32.Schlosspark-Open"]
[Site "Wiesbaden-Biebrich"]
[Date "2023.08.27"]
[Round "6.21"]
[White "Jahnel, Günther"]
[Black "Marschner, Thomas"]
[Result "1-0"]
[WhiteElo "2183"]
[BlackElo "1936"]
[PlyCount "55"]
[EventDate "2023.??.??"]
[WhiteTeam "FVS ASP Hoyerswerda"]
[BlackTeam "SVG Eppstein 1932"]

1. d4 Nf6 2. c4 g6 3. Nc3 Bg7 4. Nf3 d6 5. e4 O-O 6. Be2 e5 7. O-O Nc6 8. Be3 Re8 9. dxe5 dxe5 10. h3 h6 11. Re1 Be6 12. Qc1 Kh7 13. Rd1 Qc8 14. Bf1 Rd8 15. Qc2 Rxd1 16. Rxd1 Nd7 17. Nd5 f5 18. exf5 Bxf5 19. Bd3 Bxd3 20. Qxd3 Nf8 21. Nh4 Nd4 22. Bxd4 exd4 23. Re1 Qd8 24. Re7 Kh8 25. Nxg6+ Nxg6 26. Qxg6 Qf8 27. Rf7 Qg8 28. Nf6 1-0

[Event "32.Schlosspark-Open"]
[Site "Wiesbaden-Biebrich"]
[Date "2023.08.27"]
[Round "6.22"]
[White "Bauer, Claus"]
[Black "Martin, Reiner"]
[Result "1-0"]
[WhiteElo "2136"]
[BlackElo "1975"]
[PlyCount "67"]
[EventDate "2023.??.??"]
[WhiteTeam "Sfr.Mainz 1928"]
[BlackTeam "SC Bad Soden"]

1. d4 Nf6 2. c3 e6 3. Bg5 Be7 4. Nd2 b6 5. e4 Bb7 6. Bd3 h6 7. Bh4 c5 8. a3 d6 9. Qe2 Nbd7 10. f4 Qc7 11. Bf2 Rc8 12. Ngf3 Ng4 13. Bg3 Ngf6 14. Bf2 Ng4 15. Bg1 Ngf6 16. h3 Qb8 17. Bh2 cxd4 18. cxd4 Qa8 19. e5 dxe5 20. fxe5 Nd5 21. O-O a6 22. Rf2 O-O 23. Qe4 N5f6 24. Qh4 Nd5 25. Qe4 N5f6 26. Qh4 Nd5 27. Qg4 Rcd8 28. Re1 Qc8 29. Ne4 Nb8 30. Nd6 Bxd6 31. exd6 Nd7 32. Ne5 N7f6 33. Qh4 b5 34. Ref1 1-0

[Event "32.Schlosspark-Open"]
[Site "Wiesbaden-Biebrich"]
[Date "2023.08.27"]
[Round "6.23"]
[White "Pauls, Wilhelm"]
[Black "Gundlach, Michael"]
[Result "1/2-1/2"]
[WhiteElo "1957"]
[BlackElo "2130"]
[PlyCount "67"]
[EventDate "2023.??.??"]
[WhiteTeam "Sportgemeinschaft Kaarst 1912/35"]
[BlackTeam "Sfr.Mainz 1928"]

1. e4 d6 2. d4 Nf6 3. Nc3 e5 4. Bc4 exd4 5. Qxd4 Nc6 6. Qe3 Be7 7. Nge2 O-O 8. a3 a6 9. O-O b5 10. Bb3 Bb7 11. Ng3 g6 12. Rd1 Na5 13. Ba2 c5 14. Qe1 Qc7 15. Bh6 Rfe8 16. Qd2 Rad8 17. Nf5 Nc4 18. Bxc4 bxc4 19. Nxe7+ Qxe7 20. Bg5 Qe6 21. f3 Rd7 22. Na4 Bc6 23. Nb6 Rb7 24. Bxf6 Qxf6 25. Nxc4 Rd7 26. a4 d5 27. Nb6 Rb7 28. exd5 Rxb6 29. dxc6 Qxc6 30. b3 c4 31. a5 Rb5 32. bxc4 Qxc4 33. Re1 Qc5+ 34. Qf2 1/2-1/2

[Event "32.Schlosspark-Open"]
[Site "Wiesbaden-Biebrich"]
[Date "2023.08.27"]
[Round "6.24"]
[White "Mulder, Bart-Piet"]
[Black "Rump, Andreas"]
[Result "1-0"]
[WhiteElo "2123"]
[BlackElo "1931"]
[PlyCount "99"]
[EventDate "2023.??.??"]
[WhiteTeam "de Wijker Toren"]
[BlackTeam "SG Turm Idstein"]

1. Nf3 Nf6 2. g3 d5 3. Bg2 g6 4. O-O Bg7 5. d4 O-O 6. c4 e6 7. Nc3 c6 8. Qb3 Ne4 9. Rd1 Nxc3 10. bxc3 b6 11. Ba3 Re8 12. Nd2 Bb7 13. e4 Na6 14. e5 Nc7 15. Nf3 Ba6 16. cxd5 cxd5 17. Nd2 Rc8 18. Rac1 Qd7 19. c4 Bh6 20. cxd5 Nxd5 21. Rxc8 Rxc8 22. Ne4 Qb5 23. Qxb5 Bxb5 24. Nd6 Ba4 25. Nxc8 Bxd1 26. Bxd5 exd5 27. Nxa7 Bf3 28. Nc8 b5 29. Na7 Be2 30. f4 Bc4 31. Bc5 Bxa2 32. Nxb5 Bb3 33. Kf2 Bg7 34. Ke3 h6 35. Na7 Ba4 36. Nc8 Bb3 37. g4 Bf8 38. Bxf8 Kxf8 39. f5 g5 40. Nd6 Bd1 41. h3 h5 42. gxh5 Bxh5 43. Nb5 f6 44. Nc7 Bd1 45. Nxd5 fxe5 46. dxe5 Bc2 47. f6 Bf5 48. Nc3 Kf7 49. Ne4 Kg6 50. Nxg5 1-0

[Event "32.Schlosspark-Open"]
[Site "Wiesbaden-Biebrich"]
[Date "2023.08.27"]
[Round "6.25"]
[White "Sanati, Charlotte"]
[Black "Sydykov, Bayastan"]
[Result "0-1"]
[WhiteElo "1976"]
[BlackElo "1940"]
[PlyCount "88"]
[EventDate "2023.??.??"]
[WhiteTeam "SG Trier 1877 e.V."]
[BlackTeam "SK 1858 Gießen"]

1. d4 d5 2. c4 e6 3. Nc3 Nf6 4. cxd5 exd5 5. Bg5 Be7 6. e3 c6 7. Qc2 O-O 8. Bd3 Nbd7 9. Nge2 Re8 10. O-O Nf8 11. f3 h6 12. Bh4 Ne6 13. Rad1 b6 14. Kh1 Bb7 15. Bf5 Nh5 16. Bxe7 Qxe7 17. e4 dxe4 18. fxe4 Ng5 19. Nf4 Nxf4 20. Rxf4 Rad8 21. Qf2 h5 22. h4 Ne6 23. Rf3 Nf8 24. Rf1 Ba6 25. Rd1 Qc7 26. g3 Bc4 27. b3 Be6 28. Bxe6 Nxe6 29. d5 Nc5 30. Rf1 Qe5 31. Re3 f6 32. dxc6 Rd3 33. Nd1 Nxe4 34. Qf4 Qxf4 35. gxf4 Rxe3 36. Nxe3 Ng3+ 37. Kg2 Nxf1 38. Nxf1 Rc8 39. Ne3 Rxc6 40. Kf3 Rc1 41. Nd5 Kf7 42. Nb4 Ke6 43. Nd3 Rc3 44. Ke3 Kf5 0-1

[Event "32.Schlosspark-Open"]
[Site "Wiesbaden-Biebrich"]
[Date "2023.08.27"]
[Round "6.26"]
[White "Dörr, Tarik"]
[Black "Puschendorf, Steffen"]
[Result "1-0"]
[WhiteElo "1957"]
[BlackElo "2121"]
[PlyCount "151"]
[EventDate "2023.??.??"]
[WhiteTeam "SC Einrich e.V."]
[BlackTeam "ESV Gera"]

1. e4 e6 2. d4 d5 3. e5 c5 4. c3 Ne7 5. Na3 Nec6 6. Nc2 b6 7. Qg4 f5 8. Qg3 Ba6 9. Ne2 Qd7 10. h4 cxd4 11. Ncxd4 Nxd4 12. Nxd4 Bxf1 13. Kxf1 Nc6 14. Kg1 Nxd4 15. cxd4 Rc8 16. Bd2 Qa4 17. Bc3 Qc2 18. h5 Kf7 19. Qe3 Be7 20. Rc1 Qa4 21. Kh2 Rhf8 22. a3 Kg8 23. h6 g6 24. Bb4 Qd7 25. Rxc8 Rxc8 26. Bxe7 Qxe7 27. Rc1 Rxc1 28. Qxc1 g5 29. g4 f4 30. Kg2 Qd7 31. b4 Kf8 32. Qc2 Ke8 33. a4 Kd8 34. b5 Qc7 35. Qb1 Ke8 36. Qb4 Kf7 37. Qb1 Kf8 38. Qb4+ Kg8 39. a5 Kf7 40. axb6 axb6 41. Qa3 Kg6 42. Qh3 f3+ 43. Qxf3 Qe7 44. Qh3 Kf7 45. Qc3 Qd7 46. Qf3+ Ke8 47. Qf6 Qe7 48. Qh8+ Qf8 49. Qxh7 Qf4 50. Qg6+ Kd7 51. Qd3 Qxg4+ 52. Kf1 Qh5 53. h7 Ke7 54. Kg2 g4 55. Qa3+ Kf7 56. Qa8 Qh3+ 57. Kg1 Qxh7 58. Qb7+ Kg6 59. Qxb6 Kf5 60. Qc5 Qh3 61. Qc2+ Kf4 62. Qd2+ Kf5 63. Qe3 Qh8 64. b6 Qb8 65. Qd3+ Kf4 66. Qa6 g3 67. fxg3+ Kxg3 68. b7 Qg8 69. Qa8 Qg4 70. Qa3+ Kf4+ 71. Kf2 Qh4+ 72. Ke2 Qh2+ 73. Kd1 Qg1+ 74. Kc2 Qf2+ 75. Kb3 Qe3+ 76. Ka4 1-0